| 000 | 01114cam a2200289 i 4500 | ||
|---|---|---|---|
| 001 | 61459 | ||
| 003 | Mx-PuUPA | ||
| 005 | 20251205103026.0 | ||
| 008 | 140926s1993 mx g 000 0 spa d | ||
| 040 |
_aMx-PuUPA _bspa _cMx-PuUPA _dMx-PuUPA _erda |
||
| 041 | 0 | _aspa | |
| 043 | _an-mx--- | ||
| 111 | 2 | _aCentro Mariano de los Siervos de María | |
| 245 | 1 | 3 |
_aLa madre del Señor en la fe y la cultura de México : _nActas del segundo simposio mariológico de México. _pMéxico, D.F., 4, 5 y 6 de agosto de 1992 / _cCentro Mariano |
| 264 | 1 |
_aMéxico. D.F. : _bCentro Mariano de los Siervos de María, _c1993 |
|
| 300 |
_a418 páginas ; _c21 cm |
||
| 336 |
_2rdaconten _atexto _btxt |
||
| 337 |
_2rdamedia _asin medio _bn |
||
| 338 |
_avolumen _2rdacarrier _bnc |
||
| 600 | 0 | 4 |
_aVirgen María Santísima _zMéxico _vCongresos |
| 650 | 7 |
_2armarc _aIglesia católica _xHistoria _vCongresos |
|
| 650 | 7 |
_2armarc _aIglesia católica _zMéxico _vCongresos |
|
| 650 | 7 |
_2armarc _aArtículos y actas _vCongresos |
|
| 942 |
_2ddc _cLI _h232.910972 _iM78 |
||
| 999 |
_c61459 _d61459 |
||